000 01092nam2a2200205 4500
001 RU\NLR\PER_A\002391251_000150
005 20250623220849.0
035 _a(NLR Aleph) 012169626
090 _a12235228
_c12235228
100 _a20191223d2019 |||y0rusy50 ca
101 0 _arus
102 _aRU
200 0 _a2019, № 3 (47)
210 _d2019
_aБ. м.
461 0 _1001RU\NLR\INFOCOMM29\5000052381
_12001#$aВестник Уполномоченного по правам человека в Московской области$eЖурн. о правах человека, формах и методах их защиты$v2019, № 3 (47)
_94631446
_aУполномоченный по правам человека в Московской области
_cМ.
_d2001-
_oЖурн. о правах человека, формах и методах их защиты
_tВестник Уполномоченного по правам человека в Московской области
_v2019, № 3 (47)
852 _aNLR
_jП22/7658
942 _cISSUE
980 _aNB
980 _aRUSPER